| 000 | 00644nam a22001937a 4500 | ||
|---|---|---|---|
| 999 |
_c87636 _d87636 |
||
| 005 | 20230302134844.0 | ||
| 010 | _aENG-110616 ENG-136287 | ||
| 020 |
_a9789350533390 _c1000.00 |
||
| 035 | _aEN-94148 EN-119819 | ||
| 037 | _bDBAD/PUB | ||
| 082 | _a301.32 | ||
| 100 | _aMalankar, Seema S. | ||
| 245 |
_aPopulation problems and policies in new era / _cby Seema S. Malankar |
||
| 260 |
_aNew Delhi _bCyber Tech Publications _c2014 |
||
| 270 |
_bNew Delhi _a4264/3, Ansari Road, Daryaganj _e110002 |
||
| 300 |
_av,272p. _c22cm(Hb) |
||
| 500 | _aIncludes bibliographical references and index | ||
| 942 |
_2ddc _cEN _mMAL _h301.32 |
||